000 01720nam0a22002891 4500
001 rc\4172357
005 20260408004320.0
021 _aRU
_b[48-1048]
035 _a(NLR Aleph) 008184245
090 _a7935300
_c7935300
100 _a20130415d1947 |||y0rusy50 ca
101 0 _arus
102 _aRU
105 _aa z |||||
200 1 _aТиповой проект сельской библиотеки на 5000 томов
_eЗдание рубленое одноэтажное с печным отоплением
_fРазраб. Архитектурно-проектной мастерской М-ва просвещения РСФСР
_gКом. по делам культ.-просвет. учреждений при Совете Министров РСФСР
210 _aМосква
_cИзд-во и тип. Госкультпросветиздата - тип. Профиздата
_d1947
215 _a15 с. текста, 26 с. черт.
_d33х46
300 _aАвт. проекта: архит. А.М. Крылов
606 _aБиблиотеки сельские
_jПроекты и чертежи
_2psbo
701 1 _aКрылов
_bА.М.
_cархитектор
_f1901-1978
_gАлександр Михайлович
_9193610
_3RU\NLR\AUTH\770193661
712 0 1 _aРСФСР
_bКомитет по делам культурно-просветительных учреждений
_3RU\NLR\AUTH\8810168953
_9833679
712 0 2 _aАрхитектурно-проектная мастерская Министерства просвещения РСФСР
_3RU\NLR\AUTH\8810160621
_9817090
801 0 _aRU
_bNLR
_gpsbo
801 1 _aRU
_bELAR
_2rusmarc
852 _aNLR
_jБ 7100/Т433
942 _cBOOK
980 _aNB